01525cam a22003617a 4500003000500000005001700005008004100022010001000063011001000073035001000083040000900093090001000102100003600112245014700148260004100295300001100336502010100347590003700448590004100485590004100526590004100567590004200608650003900650650003700689901000700726905002600733942000900759949006200768949004900830999001700879952014000896952012701036CHAP20220329142707.0010920d2001 mx r 00110 spa d a86599 a87571 a98115 cCHAP aTesis00aNeyra Galicia, Alma Rosa98111313aLa orientación educativa y su interacción en el bachillerato general :bel caso de la POA1 de Nezahualcoyotlc/por Alma Rosa Neyra Galicia aChapingo, Méx. :bEl autor,c2002. a146 h. aTesis (Maestro en Procesos Educativos) -- UACH. División de Ciencias Económico-Admistrativas aALEPHb10c20130110lUCH01h1450 aBATCH-UPDb10c20130110lUCH01h0812 aBATCH-UPDb10c20130410lUCH01h0449 aBATCH-UPDb10c20130914lUCH01h1252 aCONVERSIONb10c20130109lUCH01h134814aEducación media superior.93557814aOrientación vocacional.983575 aBK aAlejandra Carrasco M. cFOLL aTesisbBCcTESd33724000872685eTS2fc.2h40237i98115si aTesisbBCcTESd981151eTS1h40236i98115sb c86599d86599 00102local4053708TESISaBCbBCcPA_TESISd2019-12-31fTESISl0oTesisp33724000872685r2019-12-31 00:00:00tc.2w2019-12-31yTESIS 00102local4051708TESISaBCbBCcPA_TESISd2019-12-31fTESISl0oTesisp981151r2019-12-31 00:00:00w2019-12-31yTESIS